Средняя длительность периода занятости бесконечно линейной системы массового обслуживания с дважды стохастическим входящим потоком; Известия вузов. Физика; Т. 46, № 3

書目詳細資料
Parent link:Известия вузов. Физика/ Министерство общего и профессионального образования Российской Федерации ; Томский Госуниверситет.— , 1958-.— 0021-3411
Т. 46, № 3.— 2003.— с. 62-68
主要作者: Глухова Е. В.
其他作者: Орлов А. Б.
語言:俄语
出版: 2003
叢編:Математическая обработка данных эксперимента
主題:
格式: MixedMaterials Book Chapter
KOHA link:https://koha.lib.tpu.ru/cgi-bin/koha/opac-detail.pl?biblionumber=419825

MARC

LEADER 00000naa2a2200000 4500
001 419825
005 20231101073318.0
035 |a (RuTPU)RU\TPU\prd\77283 
035 |a RU\TPU\prd\14422 
090 |a 419825 
100 |a 20100227a2003 k y0rusy50 ca 
101 0 |a rus 
102 |a RU 
200 1 |a Средняя длительность периода занятости бесконечно линейной системы массового обслуживания с дважды стохастическим входящим потоком  |f Е. В. Глухова, А. Б. Орлов 
225 1 |a Математическая обработка данных эксперимента 
320 |a Библиогр.: 5 назв. 
461 1 |0 (RuTPU)RU\TPU\prd\191  |x 0021-3411  |t Известия вузов. Физика  |f Министерство общего и профессионального образования Российской Федерации ; Томский Госуниверситет  |d 1958- 
463 1 |0 (RuTPU)RU\TPU\prd\77272  |t Т. 46, № 3  |v с. 62-68  |d 2003 
610 1 |a занятость 
610 1 |a средняя длительность периода 
610 1 |a бесконечно-линейные системы 
610 1 |a массовое обслуживание 
610 1 |a дважды стохастический поток 
610 1 |a интенсивность 
610 1 |a экспоненциальное обслуживание 
675 |a 519.2  |v 3 
700 1 |a Глухова  |b Е. В. 
701 1 |a Орлов  |b А. Б. 
801 1 |a RU  |b 63413507  |c 20030528  |g PSBO 
801 2 |a RU  |b 63413507  |c 20101028  |g RCR 
942 |c BK